<?xml version="1.0" encoding="UTF-8"?>
<collection xmlns="http://www.loc.gov/MARC21/slim">
<record>
  <controlfield tag="001">118631</controlfield>
  <controlfield tag="005">20230519145536.0</controlfield>
  <datafield tag="024" ind1="7" ind2=" ">
    <subfield code="2">doi</subfield>
    <subfield code="a">10.3390/life11070617</subfield>
  </datafield>
  <datafield tag="024" ind1="8" ind2=" ">
    <subfield code="2">sideral</subfield>
    <subfield code="a">126878</subfield>
  </datafield>
  <datafield tag="037" ind1=" " ind2=" ">
    <subfield code="a">ART-2021-126878</subfield>
  </datafield>
  <datafield tag="041" ind1=" " ind2=" ">
    <subfield code="a">eng</subfield>
  </datafield>
  <datafield tag="100" ind1=" " ind2=" ">
    <subfield code="a">Marron S.E.</subfield>
  </datafield>
  <datafield tag="245" ind1=" " ind2=" ">
    <subfield code="a">Patient reported outcome measure in atopic dermatitis patients treated with dupilumab: 52-weeks results</subfield>
  </datafield>
  <datafield tag="260" ind1=" " ind2=" ">
    <subfield code="c">2021</subfield>
  </datafield>
  <datafield tag="506" ind1="0" ind2=" ">
    <subfield code="a">Access copy available to the general public</subfield>
    <subfield code="f">Unrestricted</subfield>
  </datafield>
  <datafield tag="520" ind1="3" ind2=" ">
    <subfield code="a">Dupilumab is used to treat atopic dermatitis (AD) patients who have proven to be refractory to previous treatments. The aim of this study was to assess evolution and patient reported outcome measures in adult patients with moderate-to-severe AD treated with dupilumab in routine clinical practice. The outcomes were evaluated and registered at baseline and weeks 16, 40 and 52. The variables evaluated were: disease severity, pruritus, stressful life events, difficulty to sleep, anxiety and depression, quality of life, satisfaction, adherence to the treatment, efficacy and safety. Eleven patients were recruited between 14 Nov 2017 and 16 Jan 2018. Demographic variables: 90% Caucasian, 82% women. Clinical variables: Mean duration of AD = 17.7 (±12.8), 91% had severe disease severity. At baseline, SCORAD median (range) score = 69.2 (34.8–89.2); itch was reported by 100% of patients; itch visual analogue scale median (range) was 9 (6–10); HADS median (range) total score = 13 (5–21); DLQI mean score = 16 (2–27); EQ-5D-3L median (range) = 57 (30–99). At week- 52 there was a significant reduction of SCORAD scores median (range) = 4.3 (0–17.1), HADS total score median (range) = 2 (0–10) and improved quality of life EQ-5D-3L median (range) = 89 (92–60). This study confirms that dupilumab, used for 52-weeks under routine clinical practice, maintains the improved atopic dermatitis signs and symptoms obtained at week 16, with a good safety profile. © 2021 by the authors. Licensee MDPI, Basel, Switzerland.</subfield>
  </datafield>
  <datafield tag="540" ind1=" " ind2=" ">
    <subfield code="9">info:eu-repo/semantics/openAccess</subfield>
    <subfield code="a">by</subfield>
    <subfield code="u">http://creativecommons.org/licenses/by/3.0/es/</subfield>
  </datafield>
  <datafield tag="590" ind1=" " ind2=" ">
    <subfield code="a">3.253</subfield>
    <subfield code="b">2021</subfield>
  </datafield>
  <datafield tag="591" ind1=" " ind2=" ">
    <subfield code="a">BIOLOGY</subfield>
    <subfield code="b">39 / 94 = 0.415</subfield>
    <subfield code="c">2021</subfield>
    <subfield code="d">Q2</subfield>
    <subfield code="e">T2</subfield>
  </datafield>
  <datafield tag="592" ind1=" " ind2=" ">
    <subfield code="a">0.588</subfield>
    <subfield code="b">2021</subfield>
  </datafield>
  <datafield tag="593" ind1=" " ind2=" ">
    <subfield code="a">Biochemistry, Genetics and Molecular Biology (miscellaneous)</subfield>
    <subfield code="c">2021</subfield>
    <subfield code="d">Q2</subfield>
  </datafield>
  <datafield tag="593" ind1=" " ind2=" ">
    <subfield code="a">Space and Planetary Science</subfield>
    <subfield code="c">2021</subfield>
    <subfield code="d">Q2</subfield>
  </datafield>
  <datafield tag="593" ind1=" " ind2=" ">
    <subfield code="a">Ecology, Evolution, Behavior and Systematics</subfield>
    <subfield code="c">2021</subfield>
    <subfield code="d">Q2</subfield>
  </datafield>
  <datafield tag="594" ind1=" " ind2=" ">
    <subfield code="a">1.9</subfield>
    <subfield code="b">2021</subfield>
  </datafield>
  <datafield tag="655" ind1=" " ind2="4">
    <subfield code="a">info:eu-repo/semantics/article</subfield>
    <subfield code="v">info:eu-repo/semantics/publishedVersion</subfield>
  </datafield>
  <datafield tag="700" ind1=" " ind2=" ">
    <subfield code="a">Tomás Aragonés, L.</subfield>
    <subfield code="u">Universidad de Zaragoza</subfield>
    <subfield code="0">(orcid)0000-0003-1917-6906</subfield>
  </datafield>
  <datafield tag="700" ind1=" " ind2=" ">
    <subfield code="a">Moncin-torres C.A.</subfield>
  </datafield>
  <datafield tag="700" ind1=" " ind2=" ">
    <subfield code="a">Gomez-barrera M.</subfield>
  </datafield>
  <datafield tag="700" ind1=" " ind2=" ">
    <subfield code="a">de Aranibar F.J.G.-L.</subfield>
  </datafield>
  <datafield tag="710" ind1="2" ind2=" ">
    <subfield code="1">4009</subfield>
    <subfield code="2">735</subfield>
    <subfield code="a">Universidad de Zaragoza</subfield>
    <subfield code="b">Dpto. Psicología y Sociología</subfield>
    <subfield code="c">Área Psicolog.Evolut.Educac</subfield>
  </datafield>
  <datafield tag="773" ind1=" " ind2=" ">
    <subfield code="g">11, 7 (2021), 617 [14 pp]</subfield>
    <subfield code="p">Life (Basel)</subfield>
    <subfield code="t">Life</subfield>
    <subfield code="x">2075-1729</subfield>
  </datafield>
  <datafield tag="856" ind1="4" ind2=" ">
    <subfield code="s">2221230</subfield>
    <subfield code="u">http://zaguan.unizar.es/record/118631/files/texto_completo.pdf</subfield>
    <subfield code="y">Versión publicada</subfield>
  </datafield>
  <datafield tag="856" ind1="4" ind2=" ">
    <subfield code="s">2679254</subfield>
    <subfield code="u">http://zaguan.unizar.es/record/118631/files/texto_completo.jpg?subformat=icon</subfield>
    <subfield code="x">icon</subfield>
    <subfield code="y">Versión publicada</subfield>
  </datafield>
  <datafield tag="909" ind1="C" ind2="O">
    <subfield code="o">oai:zaguan.unizar.es:118631</subfield>
    <subfield code="p">articulos</subfield>
    <subfield code="p">driver</subfield>
  </datafield>
  <datafield tag="951" ind1=" " ind2=" ">
    <subfield code="a">2023-05-18-15:35:51</subfield>
  </datafield>
  <datafield tag="980" ind1=" " ind2=" ">
    <subfield code="a">ARTICLE</subfield>
  </datafield>
</record>
</collection>